Statistics for Bordering Countries #2

Click here to take the quiz!

General Stats

  • This quiz has been taken 2,284 times
    (2,275 since last reset)
  • The average score is 26 of 30

Answer Stats

Country Bordering Country % Correct
ChileArgentina
98%
AndorraFrance
97%
NetherlandsGermany
96%
NetherlandsBelgium
96%
GuyanaBrazil
96%
ChilePeru
96%
AndorraSpain
95%
ChileBolivia
93%
PanamaColombia
93%
EgyptLibya
93%
GuyanaSuriname
91%
GeorgiaRussia
89%
GuyanaVenezuela
89%
EgyptSudan
89%
KuwaitSaudi Arabia
88%
PanamaCosta Rica
88%
MoldovaUkraine
87%
Bosnia and HerzegovinaCroatia
87%
GeorgiaArmenia
86%
Bosnia and HerzegovinaSerbia
86%
MoldovaRomania
84%
El SalvadorHonduras
83%
EgyptIsrael
81%
BruneiMalaysia
80%
GeorgiaAzerbaijan
80%
El SalvadorGuatemala
80%
KuwaitIraq
80%
GeorgiaTurkey
79%
GambiaSenegal
75%
Bosnia and HerzegovinaMontenegro
75%

Score Distribution

Percentile by Number Answered

Percent of People with Each Score

Your Score History

You have not taken this quiz since the last reset